[Event "Gyor Amateur op 22nd"]
[Site "Gyor"]
[Date "2023.03.05"]
[Round "6"]
[White "Kulhanek, Jozsef"]
[Black "Fulop, Julia Paula"]
[Result "0-1"]
[WhiteElo "1461"]
[BlackElo "1293"]
[PlyCount "68"]
[EventDate "2023.03.04"]
[EventType "swiss"]
[EventRounds "7"]
[EventCountry "HUN"]
[SourceTitle "EXT 2024"]
[Source "ChessBase"]
[SourceDate "2023.10.10"]
[SourceVersion "1"]
[SourceVersionDate "2023.10.10"]
[SourceQuality "1"]

1. b3 e5 2. Bb2 Nc6 3. e3 Nf6 4. Bb5 a6 5. Bxc6 bxc6 6. Bxe5 d5 7. Nf3 Bg4 8. Bb2 Bd6 9. d4 0-0 10. Nbd2 Ne4 11. 0-0 Bxf3 12. Nxf3 Qf6 13. c4 Rab8 14. c5 Be7 15. Ne5 Qe6 16. f4 Rbd8 17. Qe2 Bh4 18. g3 Bxg3 19. hxg3 Nxg3 20. Qg4 Qxg4 21. Nxg4 Nxf1 22. Rxf1 f6 23. Kf2 h5 24. Nh2 Kf7 25. Nf3 Rb8 26. Rh1 g6 27. Bc3 Rfe8 28. Nh4 Re4 29. Ng2 Rg8 30. f5 Rg4 31. fxg6+ R8xg6 32. Nf4 Rh6 33. Rxh5 Rxf4+ 34. exf4 Rxh5 0-1

[Event "Gyor Amateur op 22nd"]
[Site "Gyor"]
[Date "2023.03.05"]
[Round "7"]
[White "Vizkeleti, Peter"]
[Black "Kulhanek, Jozsef"]
[Result "1/2-1/2"]
[WhiteElo "1129"]
[BlackElo "1461"]
[PlyCount "75"]
[EventDate "2023.03.04"]
[EventType "swiss"]
[EventRounds "7"]
[EventCountry "HUN"]
[SourceTitle "EXT 2024"]
[Source "ChessBase"]
[SourceDate "2023.10.10"]
[SourceVersion "1"]
[SourceVersionDate "2023.10.10"]
[SourceQuality "1"]

1. d4 d6 2. Nf3 c6 3. c3 Bf5 4. Bf4 Nd7 5. Nbd2 Ngf6 6. e3 Nh5 7. Bg3 Nxg3 8. hxg3 e5 9. e4 Bg4 10. Be2 exd4 11. Nxd4 Bxe2 12. Qxe2 Qe7 13. f3 0-0-0 14. 0-0-0 d5 15. Rde1 dxe4 16. Qxe4 Qd6 17. Nf5 Qc5 18. Nb3 Qb6 19. Qf4 Nf6 20. Ne7+ Bxe7 21. Rxe7 Rd7 22. Rxd7 Kxd7 23. Rd1+ Kc8 24. Qd4 Rd8 25. Qxb6 Rxd1+ 26. Kxd1 axb6 27. Ke2 Nh5 28. Kf2 c5 29. Nd2 Kd7 30. f4 Kc6 31. b3 Nf6 32. Kf3 Nd5 33. c4 Nc3 34. a3 b5 35. Ke3 bxc4 36. Nxc4 f6 37. Na5+ Kb6 38. Nc4+ 1/2-1/2

[Event "Gyor Amateur op 22nd"]
[Site "Gyor"]
[Date "2023.03.04"]
[Round "4"]
[White "Kulhanek, Jozsef"]
[Black "Vasenszky, Zoltan Gyorgy"]
[Result "1/2-1/2"]
[WhiteElo "1461"]
[BlackElo "1434"]
[PlyCount "71"]
[EventDate "2023.03.04"]
[EventType "swiss"]
[EventRounds "7"]
[EventCountry "HUN"]
[SourceTitle "EXT 2024"]
[Source "ChessBase"]
[SourceDate "2023.10.10"]
[SourceVersion "1"]
[SourceVersionDate "2023.10.10"]
[SourceQuality "1"]

1. b3 d5 2. Bb2 Nf6 3. e3 g6 4. Nf3 Bg7 5. d4 c5 6. Bb5+ Bd7 7. Bxd7+ Nbxd7 8. Nbd2 0-0 9. 0-0 Rc8 10. Re1 Qb6 11. c4 dxc4 12. Nxc4 Qc7 13. Rc1 Rfd8 14. Qe2 b6 15. Nce5 Qb7 16. Ba3 Nxe5 17. dxe5 Ng4 18. Bb2 Qb8 19. e6 fxe6 20. h3 Nf6 21. Qc4 Rd6 22. Be5 Re8 23. Bxd6 exd6 24. e4 Kh8 25. Rcd1 d5 26. exd5 Nxd5 27. Qb5 Nc3 28. Qc6 Nxd1 29. Rxd1 Qc8 30. Qd7 Qxd7 31. Rxd7 a5 32. Rb7 e5 33. Rxb6 e4 34. Nd2 Bd4 35. Nc4 Rf8 36. Ne3 1/2-1/2

[Event "Tatabanya Genius Cup 1st"]
[Site "Tatabanya"]
[Date "2013.03.15"]
[Round "2"]
[White "Kocsis, Anett"]
[Black "Kulhanek, Jozsef"]
[Result "0-1"]
[WhiteElo "1665"]
[BlackElo "1693"]
[PlyCount "78"]
[EventDate "2013.03.14"]
[EventType "swiss"]
[EventRounds "6"]
[EventCountry "HUN"]
[SourceTitle "EXT 2014"]
[Source "ChessBase"]
[SourceDate "2013.11.20"]
[SourceVersion "1"]
[SourceVersionDate "2013.11.20"]
[SourceQuality "1"]

1. e4 c6 2. d4 d5 3. Nc3 e6 4. Nf3 Bb4 5. e5 Ne7 6. Bd2 Nf5 7. a3 Be7 8. Rb1 c5 9. dxc5 Bxc5 10. Na4 Be7 11. Bd3 Bd7 12. Nc3 Nh4 13. Nxh4 Bxh4 14. Qg4 g6 15. 0-0 Nc6 16. Rfe1 Be7 17. Bh6 a6 18. Qh3 Bf8 19. Bxf8 Kxf8 20. Qh6+ Kg8 21. h4 f6 22. f4 Qe7 23. h5 f5 24. hxg6 hxg6 25. Qxg6+ Qg7 26. Qxg7+ Kxg7 27. Kf2 Rh4 28. Ne2 Rah8 29. g3 Rh2+ 30. Kf3 Be8 31. Ke3 Bh5 32. Rh1 Bg4 33. Rxh2 Rxh2 34. Rf1 Kf7 35. c3 Na5 36. Rf2 d4+ 37. Nxd4 Rh3 38. Rg2 b5 39. Nf3 Ke7 0-1

[Event "Komarom Esztergom County-chT"]
[Site "Hungary"]
[Date "2012.10.14"]
[Round "2.7"]
[White "Kulhanek, Jozsef"]
[Black "Bagdi, Timea"]
[Result "0-1"]
[WhiteElo "1645"]
[BlackElo "1921"]
[PlyCount "78"]
[EventDate "2012.09.29"]
[EventType "team-tourn"]
[EventRounds "10"]
[EventCountry "HUN"]
[SourceTitle "EXT 2014"]
[Source "ChessBase"]
[SourceDate "2013.11.20"]
[SourceVersion "1"]
[SourceVersionDate "2013.11.20"]
[SourceQuality "1"]
[WhiteTeam "Koernyei SE"]
[BlackTeam "Tata Naszaly"]
[WhiteTeamCountry "HUN"]
[BlackTeamCountry "HUN"]

1. e4 c5 2. d4 cxd4 3. c3 dxc3 4. Nxc3 Nc6 5. Bc4 e6 6. Nf3 Bb4 7. Bd2 Nf6 8. Qc2 d5 9. Bb5 Bd7 10. Bg5 dxe4 11. Bxc6 Bxc6 12. Ne5 Qa5 13. Bxf6 Bxc3+ 14. bxc3 gxf6 15. Nxc6 bxc6 16. 0-0 f5 17. Qb2 0-0 18. Rae1 Qb5 19. Qd2 Qe5 20. f3 Qc5+ 21. Kh1 e3 22. Rxe3 Rad8 23. Qf2 f4 24. Re2 Qxf2 25. Rexf2 Rd3 26. Rc2 Rfd8 27. Kg1 f5 28. Re1 Kf7 29. Kf1 Kf6 30. c4 c5 31. Kf2 e5 32. Rce2 Rd2 33. Rc1 e4 34. fxe4 fxe4 35. Ke1 e3 36. g3 Kf5 37. gxf4 Kxf4 38. Kf1 Kf3 39. Rxd2 Rxd2 0-1